US Presidents with National Park Service Sites - Statistics

General Stats
  • This quiz has been taken 17 times
  • The average score is 18 of 19
Answer Stats
Answer % Correct
Abraham Lincoln
100%
Andrew Johnson
100%
Dwight D Eisenhower
100%
Franklin D Roosevelt
100%
George Washington
100%
Herbert Hoover
100%
John Adams
100%
John F Kennedy
100%
John Quincy Adams
100%
Lyndon B Johnson
100%
Theodore Roosevelt
100%
Thomas Jefferson
100%
Ulysses S Grant
100%
Bill Clinton
94%
Harry S Truman
94%
Jimmy Carter
94%
William Howard Taft
88%
James A Garfield
81%
Martin Van Buren
81%
No matching quizzes found
Score Distribution
Percent of People with Each Score
Percentile by Number Answered
Your Score History
You have not taken this quiz